000 00514nam a2200181 4500
001 116442
003 ES-MaACL
005 20230906190716.0
007 t|
008 061121s1965 sp r ||||1| spa d
100 1 _aOstlere, Gordon.
_987819
245 1 0 _aFundamentos de anestesia /
_cGordon Ostlere, Roger Bryce-Smith.
250 _a1ยช. ed.
260 _aBarcelona :
_bEspaxs,
_c1965.
300 _a198 p. :
_bil. ;
_c19 cm.
700 1 _aBryce-Smith, Roger.
_932258
852 _aES-MaACL
_jC-28514
_bR.57105
999 _c116442
_d116442